| 000 | 00601nam a2200205Ia 4500 | ||
|---|---|---|---|
| 005 | 20250508162335.0 | ||
| 008 | 008 250505s9999 xx 000 0 eng d | ||
| 020 | _a0-89859-057-4 | ||
| 037 | _aTextual | ||
| 040 |
_aFEDL _beng _cFEDL |
||
| 041 |
_aeng _2eng |
||
| 084 |
_a302, CAN _qFEDL |
||
| 100 | _aCantor Nancy Ed. | ||
| 245 | 0 | _aPersonality, cognition and social interaction | |
| 260 |
_aHillsdale _bLawrence Erlbaum Associates, Publishers _c1981 |
||
| 300 | _axiv,362p | ||
| 700 |
_a Kihlstrom John F. Ed. _9772916 |
||
| 942 |
_cTEXL _h302, CAN |
||
| 999 |
_c1375942 _d1375942 |
||